Estatísticas para Presidentes do Brasil

Clique aqui para jogar o quiz

Estatísticas Gerais

  • Esse quiz foi jogado 462 vezes
    (277 desde o último reset)
  • A pontuação média é 19 de 38

Estatísticas das Respostas

AnoPresidente% Correto
2003-2011Luis Inácio Lula da Silva
95%
1930-1945 | 1951-1954Getúlio Vargas
88%
2011-2016Dilma Rousseff
85%
2019-Jair Bolsonaro
84%
2016-2018Michel Temer
82%
1995-2003Fernando Henrique Cardoso
82%
1990-1992Fernando Collor
81%
1889-1891Deodoro da Fonseca
75%
1964-1967Humberto Castelo Branco
70%
1961Jânio Quadros
70%
1992-1995Itamar Franco
68%
1961-1964João Goulart
66%
1985-1990José Sarney**
64%
1891-1894Floriano Peixoto
62%
1956-1961Juscelino Kubitschek
62%
1967-1969Artur da Costa e Silva
60%
1974-1979Ernesto Geisel
52%
1979-1985João Baptista Figueiredo
51%
1954-1955Café Filho
47%
1926-1930Washington Luís
42%
1946-1951Eurico Gaspar Dutra
41%
1894-1898Prudente de Morais
38%
1969-1974Emílio Garrastazu Médici
38%
1909-1910Nilo Peçanha
33%
1910-1914Hermes da Fonseca
30%
1898-1902Campos Sales
30%
1906-1909Afonso Pena
29%
1914-1918Venceslau Brás
28%
1922-1926Artur Bernardes
28%
1902-1906Rodrigues Alves
24%
1919-1922Epitácio Pessoa
23%
1961 | 1964Ranieri Mazzilli
21%
1918-1919Delfim Moreira*
18%
1955-1956Nereu Ramos
18%
1955Carlos Luz
16%
1945-1946José Linhares
12%

Distribuição das Pontuações

Percentil de Números Respondidos

Porcentagem de Pessoas com Cada Pontuação

Sua Pontuação Histórica

Você não jogou esse quiz desde o último reset